000 01084nam a22003017a 4500
001 BR8201968
003 BR-BrBNA
005 20230928091306.0
007 ta
008 230509b bl.||||| |||| 00| 0 por d
040 _aBR-BrBNA
_bpor
_cBiblioteca Nacional de Agricultura
041 _a(Por)
072 _aL70; L73
_b5212
_b4150
_b/G514
090 _ 5212 BR8201968
100 1 _aPires, A.R.
110 1 _aUniversidade Federal Rural do Rio de Janeiro, Itaguai (Brasil)
_0Tese (Mestre em Ciencias)
_911225
245 1 _aEstudo anatomo-clinico e histopatologico de acidentes por vacinas anti-rabica em bovinos no estado do Rio de Janeiro [Brasil]
246 1 _a[Anatomo-clinical and histopathological study of antirabic post-vaccination alterations in the bovine in the state of Rio de Janeiro [Brazil]]
260 3 _aItaguai, RJ (Brasil):
_c1981.
300 _a47 p.
500 _a9 illus.; 47 ref.; Summaries (Eng, Por)
650 _aBOVINO
650 _aRAIVA
650 _aVACINA
650 _aRIO DE JANEIRO
909 _a202309
_bLucia
_c55
_dLucia Elande
942 _cBK
999 _c33238
_d33238